000 00653nam a2200229Ia 4500
003 OSt
005 20220918223748.0
006 a|||||r|||| 00| 0
007 ta
008 220917b |||||||| |||| 00| 0 eng d
024 _a224,982
037 _cTextual
040 _aARTS
_cARTS
_beng
041 _2eng
_aeng
082 _aQ5-60a7, P3.1-.2
100 _aPeters F.E.
245 0 _aMonotheists
_b Jews, Christians, and Muslims in conflict and competition
260 _aPrinceton
_bPrinceton University Press
_c2003
650 _aRELIGION
942 _hQ5-60a7, P3.1-.2
_cTEXL
_2CC
999 _c279391
_d279391